Central Library OPAC University of Rajshahi

Tarikh-i Muhammadi : (Record no. 26424)

MARC details
000 -LEADER
fixed length control field 01154cam a2200289 4500
001 - CONTROL NUMBER
control field 26424
003 - CONTROL NUMBER IDENTIFIER
rucl marc code BD-RjUL
005 - DATE AND TIME OF LATEST TRANSACTION
control field 20211209051021.0
008 - FIXED-LENGTH DATA ELEMENTS--GENERAL INFORMATION
fixed length control field 140322s1972 ii b 001 0 eng
020 ## - INTERNATIONAL STANDARD BOOK NUMBER
International Standard Book Number 0210405457
035 ## - SYSTEM CONTROL NUMBER
System control number (BD-RjUL)26494
040 ## - CATALOGING SOURCE
Original cataloging agency DLC
Transcribing agency DLC
Modifying agency DLC
-- BD-RjUL
Language of cataloging eng
041 1# - LANGUAGE CODE
Language code of text/sound track or separate title engund
082 00 - DEWEY DECIMAL CLASSIFICATION NUMBER
Classification number 954.02
Edition number 19
Author mark and year KHT 1972
100 1# - MAIN ENTRY--PERSONAL NAME
Personal name Khani, Muhammad Bihamad.
9 (RLIN) 81251
245 10 - TITLE STATEMENT
Title Tarikh-i Muhammadi :
Remainder of title Portion dealing with the account of Sultan Firoz Shah, his successors, and the minor kingdoms, from AH 752/AD 1351 to AH 842/AD 1438.
Statement of responsibility, etc. English translation with pref. and notes by Muhammad Zaki /
Number of part/section of a work Muhammad Bihamad Khani
260 ## - PUBLICATION, DISTRIBUTION, ETC. (IMPRINT)
Place of publication, distribution, etc. [Bombay :
Name of publisher, distributor, etc. Published for the] Centre for Advanced Study, Dept. of History, Aligarh Muslim University [by] Asia Pub. House,
Date of publication, distribution, etc. c1972.
300 ## - PHYSICAL DESCRIPTION
Pagination xi, 110 p. ;
Size 24 cm.
504 ## - BIBLIOGRAPHY, ETC. NOTE
Bibliography, etc Includes bibliographical rseferences and index.
650 #0 - SUBJECT ADDED ENTRY--TOPICAL TERM
Topical term or geographic name as entry element Middle Ages.
9 (RLIN) 81252
651 #0 - SUBJECT ADDED ENTRY--GEOGRAPHIC NAME
Geographic name India
General subdivision History
Chronological subdivision 1000-1526.
9 (RLIN) 81253
700 1# - ADDED ENTRY--PERSONAL NAME
Personal name Zaki, Muhammad,
Dates associated with a name 1935-
Relator term tr.
942 ## - ADDED ENTRY ELEMENTS (KOHA)
Source of classification or shelving scheme Dewey Decimal Classification
Koha item type Books
Holdings
Lost status Source of classification or shelving scheme Damaged status Not for loan Collection code Permanent Location Current Location Shelving location Date acquired Source of acquisition Cost, normal purchase price Total Checkouts Full call number Date last seen Copy number Koha item type
  Dewey Decimal Classification   Added to bundle Non-fiction Central Library, University of Rajshahi Central Library, University of Rajshahi Reading Room 25/06/1974 India Govt Gift. 0.00   954.02 KHT 1972 22/03/2014 C-1 Books